000
00251nam a22001217a 4500
020
_a
13-978-351-03547-3
082
_a
001
_b
MEL/H
245
_a
HIDDEN ANIMALS
260
_a
NEW YORK
_b
SCHOLASTIC
300
_a
109
650
_a
GK
_z
NEW YORK
942
_c
BK
999
_c
6245
_d
6245